000 00690nam a2200205Ia 4500
005 20241216011349.0
008 190429s9999||||xx |||||||||||||| ||und||
082 _a613
_bM79
100 _aMORALES CARBAJAL DERLY JUDITH
245 0 _aFACTORES QUE AFECTAN EL RENDIMIENTO LABORAL DE LOS TRABAJADORES MINEROS DE LA EMPRESA EL BROCAL S.A. COLQUIJIRCA ABRIL A DICIEMBRE 2007
250 _a0
260 _aCERRO DE PASCO-PERU
_bUNDAC
_c2009
300 _a61 pag.
_c30 cm.
341 _h0
490 _v0
_a0
505 _aMATERIAL/METODO/RESULTADOS/DISCUSION/CONCLUSIONES/RECOMENDACIONES
541 _aD
_bMORALES CARBAJAL DERLY
_d13-Jul-10
_oSoles
650 _aEnfermería
942 _cTESIS
999 _c39827
_d39827